[Event "Tourn. n9465"]
[Site "www.chess-mail.com"]
[Date "2017.10.17"]
[Round "1"]
[White "Azulmarino"]
[Black "Samyaksamadh"]
[WhiteElo "1580"]
[BlackElo "1619"]
[Result "1-0"]
[Round "1"]
1.e4 c5
2.c4 Nb8c6
3.d3 g6
4.Ng1f3 Bf8g7
5.a3 d6
6.Bc1g5 Bc8g4
7.Bf1e2 Ng8f6
8.h3 Bg4xf3
9.Be2xf3 O-O
10.Nb1c3 Nc6d4
11.Bg5e3 Nd4xf3
12.Qd1xf3 Nf6d7
13.Nc3d5 e6
14.h4 exd5
15.h5 Nd7e5
16.Qf3e2 dxc4
17.dxc4 Qd8a5
18.Be3d2 Qa5a4
19.h6 Bg7h8
20.Bd2f4 Qa4xc4
21.Ra1c1 Ne5d3
22.Kf1 Qc4a6
23.Qe2d2 Nd3xf4
24.Kg1 Nf4e2
25.Kh2 Ne2xc1
26.Rh1xc1 Qa6c6
27.Qd2e3 Ra8e8
28.Rc1c3 Bh8xc3
29.Qe3xc3  { time }
1-0

[Event "Tourn. n9496"]
[Site "www.chess-mail.com"]
[Date "2017.10.17"]
[Round "1"]
[White "Numanoid"]
[Black "Coolant"]
[WhiteElo "2420"]
[BlackElo "2290"]
[Result "1/2-1/2"]
[Round "1"]
1.d4 Ng8f6
2.c4 e5
3.dxe5 Nf6g4
4.Ng1f3 Bf8c5
5.e3 Nb8c6
6.Nb1c3 O-O
7.Bf1e2 Rf8e8
8.O-O Ng4xe5
9.Nf3xe5 Nc6xe5
10.Nc3a4 Bc5f8
11.f4 Ne5c6
12.Be2f3 d6
13.Na4c3 Bc8e6
14.b3 g6
15.Qd1d2 Bf8g7
16.Bc1b2 f5
17.Ra1e1 Qd8d7
18.Nc3d5 Be6xd5
19.Bf3xd5 Kh8
20.e4 Bg7xb2
21.Qd2xb2 Qd7g7
22.Qb2f2 Nc6d4
23.e5 dxe5
24.fxe5 c5
25.e6 Re8e7
26.Re1e3 { draw }
1/2-1/2

[Event "Tourn. n9527"]
[Site "www.chess-mail.com"]
[Date "2017.10.17"]
[Round "1"]
[White "Bigrezi"]
[Black "Bojan"]
[WhiteElo "2160"]
[BlackElo "1990"]
[Result "1-0"]
[Round "1"]
1.e4 e5
2.Ng1f3 Nb8c6
3.Bf1b5 Qd8f6
4.O-O Bf8c5
5.Nb1c3 Ng8e7
6.d3 Nc6d4
7.Nf3xd4 exd4
8.Nc3e2 c6
9.Bb5a4 d5
10.exd5 Ne7xd5
11.Ne2g3 Bc5d6
12.Ng3e4 Qf6g6
13.Ne4xd6 Qg6xd6
14.Rf1e1 Nd5e7
15.Qd1e2 Bc8e6
16.Ba4b3 Kd7
17.Bc1d2 Ra8e8
18.Qe2h5 Ne7d5
19.c3 dxc3
20.bxc3 f6
21.Ra1b1 g6
22.Qh5h4 h5
23.Bb3xd5 Be6xd5
24.Rb1xb7 Kc8
25.Re1b1 Re8e7
26.Rb7xe7 Qd6xe7
27.Qh4g3 Qe7e5
28.Bd2f4 Qe5xc3
29.Qg3h3 f5
30.Qh3e3 Rh8g8
31.Rb1b8 Kd7
32.Qe3xa7 Ke6
33.h3 Rg8xb8
34.Qa7xb8 Bd5xa2
35.Qb8d6 Kf7
36.Qd6d7 Kf6
37.Qd7d6 Ba2e6
38.h4 Qc3b3
39.Bf4g5 Kg7
40.Qd6e7 Be6f7
41.Bg5f6 Kh7
42.Qe7f8 { resign }
1-0

[Event "Match"]
[Site "www.echecsemail.com"]
[Date "2017.10.17"]
[Round "1"]
[White "Cjood"]
[Black "Chapi"]
[WhiteElo "1930"]
[BlackElo "2180"]
[Result "0-1"]
[Round "1"]
1.c4 g6
2.d4 Bf8g7
3.a4 Nb8c6
4.e3 Ng8f6
5.d5 Nc6b4
6.Bc1d2 a5
7.Bd2c3 d6
8.Qd1b3 c6
9.Bc3xb4 Qd8b6
10.dxc6 bxc6
11.Qb3c2 Qb6xb4
12.Nb1c3 Ra8b8
13.Ra1b1 O-O
14.f3 Bc8a6
15.b3 Nf6d7
16.Ng1e2 Nd7c5
17.Kf2 Rb8b7
18.Nc3a2 Qb4b6
19.b4 axb4
20.Rb1xb4 Qb6a7
21.Rb4xb7 Ba6xb7
22.Ne2c3 Rf8a8
23.Bf1e2 Nc5xa4
24.Nc3xa4 Qa7xa4
25.Qc2xa4 Ra8xa4
26.Na2c1 Bb7a6
27.c5 Ba6xe2
28.Nc1xe2 d5
29.Rh1d1 Bg7b2
30.Rd1b1 Ra4b4
31.Ne2d4 Bb2a3
32.Rb1xb4 Ba3xb4
33.Nd4xc6 Bb4xc5
34.Ke2 Kg7
35.Kd3 Kf6
36.e4 dxe4
37.Kxe4 Bc5d6
38.g3 h5
39.f4 Bd6c5
 { time }
0-1

[Event "Match"]
[Site "www.echecsemail.com"]
[Date "2017.10.17"]
[Round "1"]
[White "Ditto"]
[Black "Pinehill"]
[WhiteElo "1920"]
[BlackElo "2090"]
[Result "0-1"]
[Round "1"]
1.d4 Ng8f6
2.c4 e6
3.Ng1f3 b6
4.Bc1g5 h6
5.Bg5c1 Bf8b4
6.Nb1d2 Bc8a6
7.e3 O-O
8.Bf1d3 d5
9.b3 Bb4c3
10.Ra1b1 c5
11.dxc5 bxc5
12.O-O d4
13.e4 Nb8c6
14.e5 Nf6d7
15.Rf1e1 Qd8c7
16.Re1e4 Nd7xe5
17.Nf3xe5 Nc6xe5
 { time }
0-1

[Event "Match"]
[Site "www.echecsemail.com"]
[Date "2017.10.17"]
[Round "1"]
[White "Gidi5"]
[Black "Fangshuo"]
[WhiteElo "1499"]
[BlackElo "2040"]
[Result "1-0"]
[Round "1"]
1.e4 e6
2.d4 d5
3.Nb1c3 Bf8b4
4.e5 c5
5.a3 Bb4xc3
6.bxc3 cxd4
7.cxd4 Nb8c6
8.Ng1f3 Ng8e7
9.Bf1d3 O-O
10.Bd3xh7 Kxh7
11.Nf3g5 Kg8
12.Qd1h5 Rf8e8
13.Qh5xf7 Kh8
14.Bc1d2 Ne7f5
15.Qf7h5 Kg8
16.Qh5h7 Kf8
17.g4 Nf5xd4
18.Qh7h8 { resign }
1-0

[Event "Match"]
[Site "www.echecsemail.com"]
[Date "2017.10.17"]
[Round "1"]
[White "Stewartborst"]
[Black "Liencam2"]
[WhiteElo "1690"]
[BlackElo "2210"]
[Result "0-1"]
[Round "1"]
1.e4 c5
2.Ng1f3 e6
3.d4 cxd4
4.Nf3xd4 a6
5.Bf1d3 Bf8c5
6.c3 d6
7.Qd1g4 Ng8f6
8.Qg4xg7 Rh8g8
9.Qg7h6 e5
10.Nd4f3 Bc5xf2
11.Kd1 Bc8g4
12.Bc1e3 Rg8g6
13.Qh6xg6 hxg6
14.Be3xf2 Nb8d7
15.Nb1d2 Nd7c5
16.Bf2h4 Nc5xd3
17.Nd2c4 Qd8c7
18.Nc4d2 Nd3xb2
19.Ke1 Qc7xc3
20.Kf2 Nf6xe4
21.Ke2 Qc3xd2
22.Kf1 Ra8c8
23.Nf3xd2 Ne4xd2
24.Kf2 Rc8c3
25.Rh1b1 Nd2xb1
26.Ra1xb1 Rc3c2
27.Kg3 Bg4f5
28.a3 Rc2c3
{ resign }
0-1

[Event "Match"]
[Site "www.echecsemail.com"]
[Date "2017.10.17"]
[Round "1"]
[White "Stevep84"]
[Black "Jesmantiz"]
[WhiteElo "2130"]
[BlackElo "2210"]
[Result "1-0"]
[Round "1"]
1.e4 c6
2.d4 d6
3.Nb1c3 g6
4.Bc1e3 Bf8g7
5.Ng1f3 h6
6.Bf1c4 e6
7.Bc4b3 Ng8e7
8.Qd1d2 Nb8d7
9.O-O g5
10.Ra1d1 Ne7g6
11.d5 cxd5
12.exd5 e5
13.Nc3e4 Qd8e7
14.Qd2b4 Bg7f8
15.c4 b6
16.Bb3c2 Nd7c5
17.Nf3xg5 f5
18.Ne4xc5 dxc5
19.d6 Qe7xg5
20.Bc2a4 Kf7
21.Be3xg5 cxb4
22.d7 Bf8e7
23.Bg5xe7 Kxe7
24.dxc8Q Rh8xc8
25.Rd1d7 Kf6
26.Rf1d1 Rc8xc4
27.Rd1d6 Kg5
28.Rd7g7 Rc4c1
29.Ba4d1 Rc1xd1
30.Rd6xd1 Kh5
31.h3 Ng6f4
32.g3 Nf4e2
33.Kg2 Ne2d4
34.g4 fxg4
35.hxg4 { resign }
1-0

[Event "Match"]
[Site "www.echecsemail.com"]
[Date "2017.10.17"]
[Round "1"]
[White "Ketchuplover"]
[Black "Canario"]
[WhiteElo "1940"]
[BlackElo "1830"]
[Result "1-0"]
[Round "1"]
1.c3 e5
2.d4 e4
3.f3 d5
4.Bc1f4 Ng8f6
5.e3 a6
6.Nb1d2 Bf8d6
7.Ng1e2 Nb8c6
8.g3 Bd6xf4
9.Ne2xf4 Nc6e7
10.Bf1g2 exf3
11.Bg2xf3 Bc8f5
12.O-O Ne7g6
13.Nf4h5 O-O
14.Nh5xf6 gxf6
15.e4 dxe4
16.Bf3xe4 Bf5xe4
17.Nd2xe4 Kh8
18.Ne4xf6 Qd8d6
19.Qd1h5 Qd6xf6
20.Rf1xf6 { resign }
1-0

[Event "Match"]
[Site "www.echecsemail.com"]
[Date "2017.10.17"]
[Round "1"]
[White "Michel93"]
[Black "Pwain"]
[WhiteElo "1809"]
[BlackElo "2470"]
[Result "0-1"]
[Round "1"]
1.d4 d5
2.c4 e6
3.Nb1c3 Bf8e7
4.cxd5 exd5
5.Bc1f4 c6
6.Qd1c2 g6
7.e4 Ng8f6
8.exd5 Nf6xd5
9.Nc3xd5 Qd8xd5
10.Ng1f3 Bc8f5
11.Qc2d2 O-O
12.Ra1c1 Nb8d7
13.Bf1e2 Nd7f6
 { time }
0-1

[Event "Match"]
[Site "www.echecsemail.com"]
[Date "2017.10.17"]
[Round "1"]
[White "Guidom"]
[Black "Gidi5"]
[WhiteElo "2160"]
[BlackElo "1499"]
[Result "0-1"]
[Round "1"]
1.e4 e5
2.Ng1f3 Nb8c6
3.Bf1b5 a6
4.Bb5a4 Ng8f6
5.O-O b5
6.Ba4b3 Bf8e7
7.d3 O-O
8.Bc1g5 Bc8b7
9.Nb1d2 d6
10.c3 Nc6a5
11.Bb3c2 Bb7c8
12.b4 Na5c6
13.Qd1e2 h6
14.Bg5h4 Nf6h5
15.Bh4xe7 Qd8xe7
16.g3 Bc8g4
17.Qe2e3 a5
18.a3 a4
19.c4 Nc6a7
20.cxb5 Na7xb5
21.Rf1c1 f5
22.exf5 Bg4xf5
23.Nf3h4 Bf5h7
24.Nd2e4 Nh5f4
25.Bc2b1 Nb5d4
26.Bb1a2 Kh8
27.Nh4g2 Nf4h3
28.Kh1 Bh7xe4
29.dxe4 Nh3xf2
30.Kg1 Nf2g4
31.Rc1f1 Ng4xe3
{ resign }
0-1

[Event "Match"]
[Site "www.echecsemail.com"]
[Date "2017.10.17"]
[Round "1"]
[White "Pinehill"]
[Black "Castletyme"]
[WhiteElo "2060"]
[BlackElo "1940"]
[Result "1/2-1/2"]
[Round "1"]
1.e4 e6
2.d4 d5
3.exd5 exd5
4.Ng1f3 Ng8f6
5.Bf1d3 Nb8c6
6.O-O Bc8g4
7.Rf1e1 Bf8e7
8.c3 O-O
9.Nb1d2 Bg4xf3
10.Nd2xf3 Rf8e8
11.Bc1g5 g6
12.Nf3e5 Nc6xe5
13.dxe5 Nf6d7
14.Bg5d2 c6
15.e6 fxe6
16.Qd1g4 Nd7f8
17.Bd2h6 Be7f6
18.Bh6xf8 Kxf8
19.Re1xe6 Re8xe6
20.Qg4xe6 Kg7
21.Ra1e1 Ra8c8
22.Bd3c2 Rc8c7
23.Qe6g4 Rc7f7
24.g3 Qd8f8
25.h4 Bf6e7
26.h5 Rf7xf2
27.hxg6 Rf2xc2
28.gxh7 Kxh7
29.Re1xe7 Qf8xe7
30.Qg4f5 Kg7
31.Qf5xc2 Qe7e1
32.Kh2 Qe1e6
33.Qc2f2 b6
34.Qf2d4 Kg6
35.Qd4d3 Kg5
36.Qd3d2 Kg4
37.Qd2f4 Kh5
38.Qf4f3 Kg5
39.Qf3f4 Kh5
40.Qf4h4 Kg6
41.g4 Qe6e2
42.Kh1 Qe2f3
43.Kh2 Qf3e2
44.Kg1 Qe2d1
45.Kg2 Qd1e2
46.Kg3 Qe2e3
47.Kg2 Qe3e2
{ draw }
1/2-1/2

[Event "Match"]
[Site "www.echecsemail.com"]
[Date "2017.10.17"]
[Round "1"]
[White "Cjood"]
[Black "Mitja"]
[WhiteElo "2010"]
[BlackElo "2000"]
[Result "0-1"]
[Round "1"]
1.g3 d5
2.Bf1g2 e6
3.d4 c6
4.e4 dxe4
5.Bg2xe4 h6
6.Ng1f3 Ng8f6
7.Be4d3 Bf8b4
8.c3 Bb4a5
9.O-O Ba5c7
10.Bc1e3 b6
11.Nb1d2 Bc8b7
12.Qd1c2 Nf6d5
13.Ra1e1 Nd5xe3
14.Re1xe3 Nb8d7
15.Bd3f5 O-O
16.Bf5g4 Nd7f6
17.Bg4h3 Bb7a6
18.Rf1e1 Ba6b7
19.Nd2e4 Nf6xe4
20.Qc2xe4 Ra8b8
 { time }
0-1

[Event "Match"]
[Site "www.echecsemail.com"]
[Date "2017.10.17"]
[Round "1"]
[White "Irene"]
[Black "Biggles"]
[WhiteElo "2120"]
[BlackElo "2100"]
[Result "1-0"]
[Round "1"]
1.d4 Ng8f6
2.Ng1f3 e6
3.g3 b6
4.Nb1c3 Bc8b7
5.Bf1g2 Bf8b4
6.Bc1d2 O-O
7.O-O Nb8c6
8.Nf3e5 Ra8b8
9.a3 Bb4xc3
10.bxc3 h6
11.Qd1c1 Nc6e7
12.Bd2xh6 Ne7f5
13.Bh6g5 Bb7xg2
14.Kxg2 Rb8c8
15.g4 Nf5e7
16.Bg5h4 d6
17.Ne5f3 Ne7d5
18.c4 Nd5c3
19.Qc1e3 Nc3e4
20.g5 d5
21.gxf6 Qd8d6
22.fxg7 Kxg7
23.Nf3e5 Rf8g8
24.Bh4g3 Kf8
25.Kh1 Ne4xg3
26.fxg3 Ke7
27.Rf1xf7 Ke8
28.Ra1f1 { resign }
1-0

[Event "Match"]
[Site "www.echecsemail.com"]
[Date "2017.10.17"]
[Round "1"]
[White "Dussek"]
[Black "Tonino1"]
[WhiteElo "1800"]
[BlackElo "2170"]
[Result "0-1"]
[Round "1"]
1.d4 Ng8f6
2.Ng1f3 g6
3.Bc1f4 d6
4.e3 Bf8g7
5.Bf1d3 O-O
6.O-O c6
7.c4 Qd8b6
8.b3 Nf6h5
9.Bf4g3 Nh5xg3
10.hxg3 e5
11.Nb1c3 f5
12.dxe5 dxe5
13.e4 Nb8a6
14.a3 Na6c5
15.Bd3c2 h6
16.b4 Nc5a6
17.c5 Qb6c7
18.Qd1e2 Bc8e6
19.Ra1d1 Ra8d8
20.Bc2d3 Na6b8
21.Nf3h4 Kh7
22.exf5 gxf5
23.g4 e4
24.Bd3c2 Bg7xc3
25.gxf5 Be6d5
26.Bc2xe4 Bd5xe4
27.Qe2xe4 Bc3f6
28.Nh4g6 Rf8e8
29.Qe4f3 Qc7g7
30.Rd1d6 Rd8xd6
31.cxd6 Nb8d7
32.Rf1d1 Nd7e5
33.Ng6xe5 Bf6xe5
34.d7 Re8d8
35.Qf3e4 Be5f6
36.Rd1d6 Rd8xd7
37.Qe4e6 Rd7xd6
38.Qe6xd6 Qg7e7
39.Qd6d1 Bf6e5
40.Qd1d3 Qe7d6
41.Qd3e4 Qd6d1
{ resign }
0-1

[Event "Match"]
[Site "www.echecsemail.com"]
[Date "2017.10.17"]
[Round "1"]
[White "Bojan"]
[Black "Mitja"]
[WhiteElo "1960"]
[BlackElo "1930"]
[Result "1-0"]
[Round "1"]
1.e4 d5
2.exd5 Qd8xd5
3.h3 c6
4.c4 Qd5d8
5.d4 e6
6.a3 b6
7.b4 Bc8b7
8.Bc1e3 h6
9.Ra1a2 Bf8e7
10.Ra2d2 Be7g5
11.Rd2d3 Bg5xe3
12.Rd3xe3 Ng8e7
13.Nb1c3 Ne7f5
14.Re3d3 Qd8c7
15.c5 bxc5
16.dxc5 O-O
17.Bf1e2 Nb8a6
18.Qd1c2 Ra8d8
19.Ng1f3 Rd8xd3
20.Be2xd3 Rf8e8
21.O-O Re8d8
22.Bd3xf5 exf5
23.Qc2xf5 Bb7c8
24.Qf5c2 Qc7e7
25.Rf1e1 Qe7f6
26.Re1e3 Qf6g6
27.Qc2e2 Bc8xh3
28.g3 Qg6f6
29.Kh2 Bh3c8
30.Nc3e4 Qf6f5
31.Ne4d6 Na6c7
32.Nd6xf5 { resign }
1-0

[Event "Match"]
[Site "www.echecsemail.com"]
[Date "2017.10.17"]
[Round "1"]
[White "Tonino1"]
[Black "Cristiano"]
[WhiteElo "2170"]
[BlackElo "1660"]
[Result "1-0"]
[Round "1"]
1.d4 Ng8f6
2.f4 d6
3.e3 g6
4.Ng1f3 Bf8g7
5.Bf1d3 c6
6.c3 Nb8d7
7.O-O O-O
8.Nb1d2 Nd7b6
9.Qd1e2 Nb6d5
10.g3 Bc8h3
11.Rf1e1 Qd8c8
12.e4 Nd5c7
13.c4 e5
14.fxe5 dxe5
15.Nf3xe5 Nc7e6
16.Nd2f3 Qc8d8
17.Bc1e3 Nf6g4
18.Ne5xg4 Bh3xg4
19.d5 cxd5
20.cxd5 Ne6c7
21.Ra1b1 b6
22.Qe2f2 Bg4xf3
23.Qf2xf3 Ra8c8
24.b4 Kh8
25.Rb1c1 Qd8f6
26.Qf3xf6 Bg7xf6
27.Be3f4 Nc7a8
28.e5 Bf6g7
29.Bd3a6 Rc8d8
30.d6 h6
31.Rc1c2 g5
32.Bf4c1 Rf8e8
33.Rc2e2 Bg7f8
34.Bc1b2 Kg8
35.Kf1 Bf8g7
36.Ba6b5 Re8e6
37.Bb5c4 Re6e8
38.e6 fxe6
39.Re2xe6 Re8xe6
40.Re1xe6 Kf8
41.Re6g6 Rd8d7
42.Bb2xg7 Rd7xg7
43.Rg6xg7 Kxg7
44.d7 { resign }
1-0

[Event "Match"]
[Site "www.echecsemail.com"]
[Date "2017.10.17"]
[Round "1"]
[White "Dussek"]
[Black "Cjood"]
[WhiteElo "1830"]
[BlackElo "1820"]
[Result "1-0"]
[Round "1"]
1.d4 Ng8f6
2.Bc1g5 e6
3.e4 Bf8e7
4.Nb1c3 O-O
5.h3 d6
6.Ng1f3 Bc8d7
7.Bf1e2 a6
8.O-O Nf6e8
9.Qd1d2 Be7xg5
10.Nf3xg5 h6
11.Ng5f3 Nb8c6
12.a3 b5
13.b4 Ne8f6
14.Be2d3 Nc6e7
15.e5 dxe5
16.Nf3xe5 Bd7c8
17.Nc3e4 Nf6xe4
18.Bd3xe4 Ra8b8
19.Ra1d1  { time }
1-0

[Event "Match"]
[Site "www.echecsemail.com"]
[Date "2017.10.17"]
[Round "1"]
[White "Mokka0616"]
[Black "Bjonil60"]
[WhiteElo "1459"]
[BlackElo "1510"]
[Result "0-1"]
[Round "1"]
1.e4 Nb8c6
2.c3 e5
3.Bf1c4 Qd8e7
4.Ng1f3 Ng8f6
5.h3 d6
6.d3 g6
7.g4 h6
8.Qd1b3 Rh8h7
9.O-O b6
10.g5 Nf6d7
 { time }
0-1

[Event "Match"]
[Site "www.echecsemail.com"]
[Date "2017.10.17"]
[Round "1"]
[White "Pellix84"]
[Black "Lcbunghai"]
[WhiteElo "2090"]
[BlackElo "1799"]
[Result "1-0"]
[Round "1"]
1.d4 f5
2.Nb1c3 Ng8f6
3.Bc1g5 c6
4.Qd1d2 e6
5.Ng1f3 Bf8e7
6.h4 O-O
7.O-O-O d5
8.Nf3e5 Nb8d7
9.f3 a5
10.g3 Nd7b6
11.e3 a4
12.a3 Nf6e8
13.Bf1d3 Ne8d6
14.g4 Be7xg5
15.hxg5 Qd8xg5
16.Qd2h2 Qg5xe3
17.Kb1 Qe3g5
18.Qh2xh7 { resign }
1-0

[Event "Match"]
[Site "www.echecsemail.com"]
[Date "2017.10.17"]
[Round "1"]
[White "Vrc1971"]
[Black "Bjonil60"]
[WhiteElo "1599"]
[BlackElo "1430"]
[Result "0-1"]
[Round "1"]
1.d4 d5
2.c4 c6
3.Ng1f3 Ng8f6
4.Nb1c3 a6
5.e3 g6
6.Bf1d3 e6
7.O-O h6
8.e4 Qd8c7
9.Rf1e1 g5
10.exd5 cxd5
11.cxd5 Bf8g7
12.dxe6 fxe6
13.Bd3g6 Ke7
14.d5 Nf6g4
15.Bg6f5 Nb8d7
16.Bf5xg4 Bg7xc3
17.bxc3 Qc7xc3
18.Bg4xe6 Nd7f8
19.Be6xc8 Kd6
20.Bc8xb7 Ra8b8
 { time }
0-1

[Event "Match"]
[Site "www.echecsemail.com"]
[Date "2017.10.17"]
[Round "1"]
[White "Billyg"]
[Black "Begory"]
[WhiteElo "1740"]
[BlackElo "1610"]
[Result "0-1"]
[Round "1"]
1.e4 d5
2.exd5 Qd8xd5
3.Nb1c3 Qd5d8
4.h3 Ng8f6
5.Ng1f3 Bc8f5
6.d4 Nb8c6
7.d5 Nc6b4
8.Nf3d4 Nf6xd5
9.Bc1d2 Nd5xc3
10.Bd2xc3 Nb4c6
11.Bf1b5 Bf5e4
12.f3 Be4d5
13.O-O a6
14.Nd4xc6 Bd5xc6
15.Qd1xd8 Ra8xd8
16.Bb5xc6 bxc6
17.Rf1e1 e6
18.b4 Bf8d6
19.a3 c5
20.Kh1 O-O
21.Ra1d1 cxb4
22.axb4 Bd6g3
23.Rd1xd8 Rf8xd8
24.Re1f1 h6
25.Kg1 f6
26.Bc3e1 Bg3xe1
27.Rf1xe1 e5
28.c4 Rd8d2
29.Kh2 Kf7
30.Re1a1 Rd2b2
31.c5 Rb2xb4
32.Ra1xa6 Ke8
33.c6 Ke7
34.Ra6a7 Kd6
35.Ra7a6 Rb4c4
{ resign }
0-1

[Event "Match"]
[Site "www.echecsemail.com"]
[Date "2017.10.17"]
[Round "1"]
[White "Liencam2"]
[Black "Babedad"]
[WhiteElo "2270"]
[BlackElo "2120"]
[Result "1-0"]
[Round "1"]
1.e4 e6
2.d4 d5
3.Nb1d2 a6
4.Ng1f3 Ng8f6
5.e5 Nf6d7
6.Bf1d3 c5
7.c3 Nb8c6
8.O-O Bf8e7
9.a4 g5
10.dxc5 Qd8c7
11.b4 Nd7xe5
12.Nf3xe5 Nc6xe5
13.Bd3c2 Bc8d7
14.Qd1h5 O-O-O
15.Nd2b3 h6
16.Bc1e3 f5
17.Qh5e2 Ne5g4
18.f4 h5
19.Be3d4 gxf4
20.h3 f3
21.gxf3 Qc7g3
22.Qe2g2 Qg3xg2
23.Kxg2 Ng4f6
24.Kf2 Rh8g8
25.Rf1g1 h4
26.Bc2d3 Nf6h5
27.Rg1xg8 Rd8xg8
28.b5 Nh5f4
29.Bd3f1 Nf4g6
30.bxa6 e5
31.axb7 Kxb7
32.Bd4e3 f4
33.Be3d2 Rg8a8
34.a5 Ng6f8
35.c4 Nf8e6
36.Bd2b4 Kc6
37.cxd5 Kxd5
38.Ra1d1 Kc6
39.a6 Ne6g5
40.Nb3a5 Kc7
41.c6 Be7xb4
42.Rd1xd7 Kb6
43.Na5c4 Kxc6
44.Nc4xe5 Kb6
45.Rd7b7 { resign }
1-0

[Event "Match"]
[Site "www.echecsemail.com"]
[Date "2017.10.17"]
[Round "1"]
[White "Ranjachess"]
[Black "Rindrandria"]
[WhiteElo "1880"]
[BlackElo "1740"]
[Result "0-1"]
[Round "1"]
1.Ng1f3 h6
2.g3 d5
3.d4 Ng8f6
4.Bf1g2 Bc8f5
5.Nb1c3 e6
6.O-O Bf8d6
7.Bc1d2 Bf5e4
8.Nc3b5 a6
9.Nb5xd6 cxd6
10.b3 g5
11.h3 g4
12.Nf3h2 Be4xg2
13.Kxg2 gxh3
14.Kxh3 Nf6e4
15.f4 h5
16.Qd1e1 Ne4xd2
17.Qe1xd2 f5
18.Qd2e3 Qd8f6
19.Kg2 h4
20.Rf1f3 Nb8d7
21.gxh4 O-O-O
22.Rf3h3 Rh8xh4
23.Rh3xh4 Rd8g8
24.Kh1 Qf6xh4
25.Ra1g1 Rg8h8
26.Rg1g2 Nd7f6
27.Qe3xe6 Kb8
28.Qe6xf5 Nf6e4
29.Qf5xd5 Qh4e1
30.Rg2g1 Ne4f2
31.Kg2 Qe1xe2
32.Qd5c4 Nf2d3
33.Kg3 Qe2xh2
34.Kf3 Qh2xf4
35.Ke2 Nd3c1
36.Kd1 Rh8h2
37.Qc4g8 Ka7
38.Rg1g2 Qf4f1
39.Kd2 Rh2xg2
40.Qg8xg2 Qf1xg2
41.Kxc1 Qg2g1
42.Kb2 Qg1xd4
43.c3 Qd4d2
44.Ka3 Qd2xc3
45.Ka4 b5
46.Ka3 Qc3c1
47.Kb4 Kb6
48.a3 a5

0-1

[Event "Match"]
[Site "www.echecsemail.com"]
[Date "2017.10.17"]
[Round "1"]
[White "Mokka0616"]
[Black "Billyg"]
[WhiteElo "1459"]
[BlackElo "1740"]
[Result "0-1"]
[Round "1"]
1.e4 e6
2.c3 a6
3.d4 d5
4.e5 h6
5.h3 f6
6.exf6 Qd8xf6
7.f4 Bf8d6
8.g3 Ng8e7
9.Ng1f3 O-O
10.Bc1e3 Ne7f5
11.Qd1d2 Nf5xg3
12.Rh1g1 Ng3f5
13.Bf1d3 b5
 { time }
0-1

[Event "Match"]
[Site "www.echecsemail.com"]
[Date "2017.10.17"]
[Round "1"]
[White "Krystek23"]
[Black "Ericleo1980"]
[WhiteElo "2360"]
[BlackElo "2210"]
[Result "1-0"]
[Round "1"]
1.c4 Ng8f6
2.Nb1c3 c5
3.Ng1f3 d5
4.d4 e6
5.Bc1f4 Bf8d6
6.Bf4xd6 Qd8xd6
7.e3 O-O
8.cxd5 Nf6xd5
9.dxc5 Qd6xc5
10.Ra1c1 Nd5xc3
11.Rc1xc3 Qc5b4
12.Qd1b1 Nb8d7
13.Bf1d3 Nd7f6
14.O-O Bc8d7
15.Rc3b3 Qb4a5
16.e4 Qa5h5
17.Rb3xb7 e5
18.Rf1c1 Bd7g4
19.Bd3e2 Rf8b8
20.Rb7xb8 Ra8xb8
21.b3 h6
22.Rc1c7 a6
23.h3 Bg4xf3
24.Be2xf3 Qh5g5
25.Qb1d3 a5
26.g3 Nf6h5
27.Qd3d5  { time }
1-0

[Event "1/16 Finale"]
[Site "www.chess-mail.com"]
[Date "2017.10.17"]
[Round "1"]
[White "Piriot"]
[Black "Vega"]
[WhiteElo "2480"]
[BlackElo "2520"]
[Result "1/2-1/2"]
[Round "1"]
1.e4 e5
2.Ng1f3 Nb8c6
3.Nb1c3 Ng8f6
4.d4 exd4
5.Nf3xd4 Bf8b4
6.Nd4xc6 bxc6
7.Bf1d3 O-O
8.O-O d5
9.exd5 cxd5
10.Bc1g5 c6
11.Qd1f3 Ra8b8
12.h3 Bb4d6
13.Ra1b1 Rf8e8
14.Bg5xf6 Qd8xf6
15.Qf3xf6 gxf6
16.Nc3e2 Bc8d7
17.Ne2g3 Re8e5
18.f4 Re5e3
19.Ng3h5 Bd7c8
20.Nh5xf6 Kg7
21.Nf6g4 Bc8xg4
22.hxg4 Re3g3
23.Bd3f5 Rb8b4
24.c3 { draw }
1/2-1/2

[Event "1/64 Finale"]
[Site "www.chess-mail.com"]
[Date "2017.10.17"]
[Round "1"]
[White "Attatroll"]
[Black "Luban"]
[WhiteElo "1970"]
[BlackElo "2120"]
[Result "1-0"]
[Round "1"]
1.e4 c6
2.Ng1f3 d5
3.exd5 cxd5
4.Nf3e5 e6
5.d4 h6
6.Bf1b5 Bc8d7
7.Qd1f3 Ng8f6
8.Bb5xd7 Nb8xd7
9.c3 Bf8e7
10.O-O Nd7xe5
11.dxe5 Nf6e4
12.Nb1d2 Ne4xd2
13.Bc1xd2 O-O
14.Qf3g4 Kh7
15.f4 Qd8b6
16.Kh1 Qb6xb2
17.Qg4d1 Qb2b6
18.Ra1b1 Qb6c7
19.Qd1f3 Qc7d7
20.g4 g6
21.f5 exf5
22.gxf5 Qd7xf5
23.Qf3xf5 gxf5
24.Rf1xf5 b6
25.Rf5h5 Be7c5
26.Rb1f1 Ra8e8
27.Rh5xh6 Kg7
28.Rf1f3 Rf8h8
29.Rf3g3 { resign }
1-0

[Event "Fast Game"]
[Site "www.echecsemail.com"]
[Date "2017.10.17"]
[Round "1"]
[White "Hennie4820"]
[Black "Pellix84"]
[WhiteElo "1680"]
[BlackElo "1650"]
[Result "0-1"]
[Round "1"]
1.e4 c5
2.Ng1f3 d6
3.d4 cxd4
4.Nf3xd4 Ng8f6
5.Nb1c3 e5
6.Nd4b5 a6
7.Nb5a3 Bf8e7
8.Bf1d3 b5
9.Nc3d5 Nf6xd5
10.exd5 Bc8b7
11.c4 bxc4
12.Bd3xc4 { time. }
0-1

[Event "Fast Game"]
[Site "www.echecsemail.com"]
[Date "2017.10.17"]
[Round "1"]
[White "Apdash"]
[Black "Hennie4820"]
[WhiteElo "1879"]
[BlackElo "1700"]
[Result "1-0"]
[Round "1"]
1.e4 c5
2.Bf1c4 Nb8c6
3.a3 e6
4.Nb1c3 Ng8f6
5.Ng1f3 d5
6.exd5 exd5
7.Bc4b5 Bf8e7
8.O-O O-O
9.Rf1e1 a6
10.Bb5xc6 bxc6
{ time. }
1-0

[Event "Tourn. n9507"]
[Site "www.chess-mail.com"]
[Date "2017.10.18"]
[Round "1"]
[White "Ssharp"]
[Black "Estonia"]
[WhiteElo "2190"]
[BlackElo "2050"]
[Result "1-0"]
[Round "1"]
1.e4 c6
2.d4 d5
3.e5 Bc8f5
4.Bf1d3 Bf5xd3
5.Qd1xd3 e6
6.Ng1f3 Nb8d7
7.O-O Ng8e7
8.Nb1d2 g6
9.Nd2b3 Bf8g7
10.Bc1g5 h6
11.Bg5e3 O-O
12.Nf3h4 Ne7f5
13.Nh4xf5 exf5
14.Qd3d2 g5
15.f4 g4
16.g3 b6
17.Qd2g2 Rf8e8
18.h4 h5
19.c3 Qd8c8
20.Qg2c2 Nd7f8
21.Qc2d3 Qc8e6
22.Nb3d2 a5
23.Rf1c1 f6
24.b3 Nf8d7
25.Be3f2 c5
26.Rc1e1 fxe5
27.dxe5 a4
28.Ra1d1 Re8b8
29.Nd2f1 axb3
30.axb3 d4
31.cxd4 cxd4
32.Qd3xd4 Nd7c5
33.Qd4c4 Qe6xc4
34.bxc4 Nc5e4
35.Nf1e3 Rb8f8
36.Ne3d5 Ra8a2
37.Re1xe4 fxe4
38.Nd5xb6 Bg7xe5
39.Nb6d7 Be5c7
40.Nd7xf8 Kxf8
41.Rd1e1 Bc7a5
42.Re1xe4 Ba5c7
43.Bf2c5 { resign }
1-0

[Event "Tourn. n9444"]
[Site "www.chess-mail.com"]
[Date "2017.10.18"]
[Round "1"]
[White "Astroboy"]
[Black "Piwi123"]
[WhiteElo "2210"]
[BlackElo "2230"]
[Result "1-0"]
[Round "1"]
1.e4 e5
2.Ng1f3 Ng8f6
3.Nb1c3 Nb8c6
4.Bf1b5 a6
5.Bb5a4 b5
6.Ba4b3 h6
7.O-O Nc6d4
8.Nf3xe5 Nd4xb3
9.axb3 Bc8b7
10.d3 d6
11.Ne5f3 Bf8e7
12.Rf1e1 c5
13.Bc1f4 O-O
14.Bf4d2 Qd8d7
15.h3 b4
16.Nc3e2 d5
17.e5 Nf6e8
18.Ne2g3 Ne8c7
19.d4 Nc7b5
20.dxc5 Be7xc5
21.Nf3h4 Rf8e8
22.Ng3f5 Qd7e6
23.Qd1g4 g6
24.Nf5xh6 Kg7
25.Qg4f4 a5
26.Nh4f3  { time }
1-0

[Event "Tourn. n9564"]
[Site "www.chess-mail.com"]
[Date "2017.10.18"]
[Round "1"]
[White "Apdash"]
[Black "Tonino1"]
[WhiteElo "2160"]
[BlackElo "2210"]
[Result "1/2-1/2"]
[Round "1"]
1.e4 d6
2.Ng1f3 Ng8f6
3.Nb1c3 g6
4.Bf1c4 Bf8g7
5.d4 O-O
6.O-O c6
7.Bc1g5 b5
8.Bc4b3 b4
9.Bg5xf6 Bg7xf6
10.Nc3e2 Qd8c7
11.c3 a5
12.a4 e5
13.Qd1d2 Nb8a6
14.Nf3g5 Qc7e7
15.Ng5f3 Bc8g4
16.dxe5 dxe5
17.h3 Bg4xf3
18.gxf3 Na6c5
19.Bb3c4 Ra8d8
20.Qd2c2 b3
21.Bc4xb3 Nc5xb3
22.Qc2xb3 Rd8d3
23.Kg2 Bf6g5
24.Rf1d1 Rf8d8
25.Rd1xd3 Rd8xd3
26.Ra1d1 Qe7d6
27.Rd1xd3 Qd6xd3
28.Qb3b8 Kg7
29.Ne2g3 Bg5f4
30.Qb8b6 Qd3c2
31.b4 axb4
32.cxb4 Qc2xa4
33.Ng3e2 Bf4d2
34.Qb6c5 Qa4b5
35.Qc5xb5 cxb5
36.Kf1 Bd2xb4
37.Ne2c1 f6
38.Kg2 h5
39.Nc1b3 Kf7
40.Kf1 Ke6
41.Ke2 g5
42.Kd3 f5
43.Nb3c1 g4
44.exf5 Kxf5
45.fxg4 hxg4
46.hxg4 Kxg4
47.Ke4 { draw }
1/2-1/2

[Event "Tourn. n9543"]
[Site "www.chess-mail.com"]
[Date "2017.10.18"]
[Round "1"]
[White "Jazzy"]
[Black "Fantomas"]
[WhiteElo "2240"]
[BlackElo "2240"]
[Result "1-0"]
[Round "1"]
1.d4 Ng8f6
2.c4 g6
3.Nb1c3 Bf8g7
4.Ng1f3 d5
5.cxd5 Nf6xd5
6.e4 Nd5b6
7.Bf1e2 O-O
8.O-O c6
9.Bc1e3 Qd8c7
10.Qd1d2 Rf8d8
11.Be3f4 Qc7d7
12.Ra1d1 e6
13.e5 Qd7c7
14.Nc3e4 Nb6d5
15.Ne4f6 Kh8
16.Bf4h6 Nb8d7
17.Bh6xg7 Kxg7
18.Nf6g4 f6
19.h4 Rd8f8
20.exf6 Nd7xf6
21.Ng4xf6 Rf8xf6
22.Nf3e5 Bc8d7
23.h5 Ra8f8
24.Rd1e1 Bd7e8
25.h6 Kh8
26.g3 Rf8g8
27.Be2f3 Qc7d6
28.Kg2 Qd6f8
29.Bf3xd5 exd5
30.Ne5g4 Rf6f5
31.Re1e5 Be8d7
32.Re5xf5 gxf5
33.Ng4e5 f4
34.Ne5xd7 f3
35.Kg1 { resign }
1-0